000
00285nam a2200133Ia 4500
100
_a
Hahn harley
942
_c
BK
654
_a
Computers
245
_a
Open Computers Unix Unbound
260
_b
Osborne
_a
New York
_c
1994
082
_a
005.13 'U'
546
_a
ENGLISH
999
_c
20124
_d
20124